Co platí na dobrý tým!

Zásady úspešného vedenia pracovného tímu.

Guardado en:
Detalles Bibliográficos
Autor principal: Hudáková, Ivana, 1976-
Formato: Capítulo de libro
Lenguaje:checo
Materias:
Etiquetas: Agregar Etiqueta
Sin Etiquetas, Sea el primero en etiquetar este registro!

MARC

LEADER 00000naa a2200000 4500
001 0126837
005 20240502083320.6
041 0 |a cze 
044 |a CZ 
245 1 0 |a Co platí na dobrý tým!  |c Ivana Hudáková 
520 |a Zásady úspešného vedenia pracovného tímu. 
610 2 0 |a tímy pracovné 
610 2 0 |a vedenie ľudí 
100 1 |a Hudáková, Ivana, 1976-